000 00901nam a22002177a 4500
999 _c17446
_d17446
003 AR-CdUCM
008 190508b ||||| |||| 00| 0 spa d
040 _aMUNICIPALIDAD PROVINCIAL DEL CUSCO
_cBIBLIOTECA MUNICIPAL DEL CUSCO
082 _a523.1 /
_bB71
100 _aBondi, H.
_937470
245 _aEl origen del universo :
_bTeorías cosmológicas rivales /
260 _aMéxico :
_bFondo de Cultura Económica,
_c1962.
300 _a90 paginas ;
_c17 cm.
505 _aContenido :Teorias relativistas del universo, por W. B. Bonnor --La teoría del estado estacionario del universo, por H.Bondi -¿Un universo electronico? por R.A.Lyttleton --Discusión de las teorías virales, presidente :Dr. G.J Whitrow /
650 _aUniverso
_918615
650 _aOrigen
_915147
650 _aCosmologia
_913090
700 _aWhitrow, G.J.
_937471
942 _2ddc
_cLIBROS
945 _arjall
_d2019-05-08